Quizzes
Events
Quiz Creation
Community
Videos
Private Events
Remove Ads
Sign In
Join for FREE
Feedback
Dark Mode
Quiz Categories
Sports
Geography
Music
Movies
Television
Just For Fun
Miscellaneous
History
Literature
Language
Science
Gaming
Entertainment
Religion
Holiday
For Kids
Quiz Lab
Recent
Popular Today
Quiz Kudos Today
Editor Picks
Curator Picks
Quizzes by...
Day
Popularity
Type
Ratings
Length
Year
Community
Subscriptions
Recent Discussions
Orange Saloon
Badges
Playlists
Quests
Create
Leaderboards
Showdown
Live 5
Trivia Bingo
Activity
Puzzle Library
Sporcle Events
Private Events
Virtual Trivia
Globe League
Become a Host
Pub Owners
SporcleCon
Opinionation
Our Games
Videos
Blog
Mobile Apps
Partnerships
Remove Ads and Go Orange
Feedback
Religion
Mythology
Religious Music
World Religions
Bible
Christianity
Catholicism
Judaism
Church
Scripture
Islam
Verse
Religion
Mythology
Religious Music
World Religions
Bible
Christianity
Catholicism
Judaism
Church
Scripture
Islam
Verse
Random Quiz
Search Sporcle
×
Curator Pick
Curator Pick
Religion
Mixed Word
Type in answers that appear in a list
Type in answers that appear in a list
Classic
Best Score? Go Orange.
Mixed Word: Religion Stats
Can you name the Mixed Word: Religion?
By
NathanW197
3m
14 Questions
256 Plays
256 Plays
256 Plays
Comments
Comments
Give Quiz Kudos
Give Quiz Kudos
-
- Ratings
hide this ad
Replay
Link that replays current quiz
Next Quiz
Link to next quiz in quiz playlist
You Got
0%
They Got
Avg Score
64%
Avg Friend Score
Upgrade to see
Score Distribution
Jump to the score distribution portion of the page
Score
0/14
Timer
03:00
0
Plays Today
Scrambled
Unscrambled
% Correct
WEP
PEW
97.7%
LEIBB
BIBLE
88.7%
VANE
NAVE
84.8%
ORICH
CHOIR
78.9%
SCORS
CROSS
76.2%
TULIPP
PULPIT
73%
Common Theme:
Church
65.2%
Scrambled
Unscrambled
% Correct
AIDSENT SLAGS
STAINED GLASS
61.3%
STRIPE
PRIEST
57.8%
HMANLY
HYMNAL
55.9%
GREATINCONGO
CONGREGATION
47.3%
GLIFYN BESETSRUST
FLYING BUTTRESSES
42.2%
PORTAS
PASTOR
36.7%
SCARYTUNA
SANCTUARY
34.8%
Quiz Playlist
Details
Report
Send in Message
Add To Playlist
Classic:
Type in answers that appear in a list
Last Updated: Feb 16, 2017
Curator Pick in
Christianity
Quiz Scoreboard
CHALLENGE
Sign Up to Join the Scoreboard
Show All
Scores
Hide
Comments
May contain spoilers
Recently Published
9x9 Crossword: Cartoon Network
by jackfrog10
Miscellaneous
3m
College Basketball Coaching Resumes
by pancakes188
Sports
9m
Billboard Blitz: Fleetwood Mac
by CooCooCachoo
Music
15s
More to Explore
Quiz From the Vault
Featured Blog Post
Where Did the Easter Bunny Come From?
hide this ad
You Might Also Like...
Tags
Christianity Quiz
Mixed Word Quiz
Mixed
scramble
Today's Top Quizzes in Religion
Browse Religion
hide this ad
Today's Top Quizzes in Mixed Word
Browse Mixed Word
Top Contributed Quizzes in Religion
1
5-to-1: Children of Gods
2
5-to-1: European Churches
3
One Thing in Common: Mythology
4
10 to 1: Islam
5
One Thing in Common: Mythology II
6
Mythological Creature Bunker
7
Prime Time: Religion
8
One Thing in Common: Religion
9
Murdered Mythical Monsters
10
Order Up: Seven Last Words of Christ
Explore More
Trending Topics
Kpop
Disney
Anime
Harry Potter
Marvel
Crossword
NBA
The Office
WWE
Country
Song
Soccer
Puzzle
Pokémon
NFL
hide this ad
More By:
NathanW197
Quiz
Plays
Rating
Category
Featured
Created
Mixed Word: Religion
256
5.00
Religion
Aug 23, 2011
Mixed Word: Countries 5
141
3.67
Geography
Aug 24, 2011
High-Elven Song
78
5.00
Literature
Aug 11, 2013
Go to Creator's Profile
Score Distribution
Quiz Creator Spotlight
NathanW197
Follow
Send a Message
Quizzes Created
-
Created Quiz Play Count
-
More By This Creator
Popular Quizzes Today
1
Find the US States - No Outlines Minefield
2
Find the Countries of Europe - No Outlines Minefield
3
The Countries of the World
4
Find the US States
5
Risky Map Clicking: Biggest States A-Z
6
US States
7
Popular People in 1961
8
Movies - When Are They Set?
More Religion Quizzes
The Lego Bible
Editor's Pick
Trending Quizzes
Risky Map Clicking: Least Populous States A-Z
1-10 Letter G Words
1-10 Letter F Words
Risky Map Clicking: Next State Alphabetically
Adjectives in 80s TV Shows
Recently Updated
Leaping Animals
pecheneg
Reality TV Shows (A-Z)
bhenderson79
Rickey Henderson's Hall of Fame Teammates
pecheneg
Champions League XIs: Arsenal
pecheneg
Quick Pick: Celebrities in WWE's Hall of Fame
aduchscher
A-Z Keypad Blitz II
pecheneg
Multiple Oscar Actors
pecheneg
Mystery Phrase Blitz: Oscar 'Best Actors'
pecheneg
F. Scott Fitzgerald Novels
LTH
Pick 3 Villains
ddd62291
Trending Topics
Anime
Harry Potter
Disney
NBA
Marvel
Crossword
Kpop
Puzzle
The Office
NFL
Pokémon
WWE
Song
Country
Soccer
Your Account Isn't Verified!
In order to create a playlist on Sporcle, you need to verify the email address you used during registration. Go to your
Sporcle Settings
to finish the process.
Report this User
Report this user for behavior that violates our
Community Guidelines
.
Details:
Send Report
Go to the Sporcle.com Mobile Site →
Comments